| 000 | 00937cam a22003017a 4500 | ||
|---|---|---|---|
| 003 | CHAP | ||
| 005 | 20220817041325.0 | ||
| 008 | 971013s1987 r 00010 d | ||
| 010 | _a11259 | ||
| 011 | _a12231 | ||
| 035 | _a14544 | ||
| 040 | _cCHAP | ||
| 082 |
_a636.5 _bB8Y |
||
| 100 | 0 | 0 |
_aBundy, Clarence E. _916074 |
| 245 | 1 | 3 | _aLa producción avícola |
| 260 |
_aMéxico, D. F. : _bCECSA, _c1987 |
||
| 300 |
_a479 p. _b: il. |
||
| 590 |
_aBATCH-UPD _b10 _c20130110 _lUCH01 _h0316 |
||
| 590 |
_aBATCH-UPD _b10 _c20130110 _lUCH01 _h2030 |
||
| 590 |
_aCONVERSION _b10 _c20130109 _lUCH01 _h1307 |
||
| 650 | 1 | 4 | _aAvicultura. |
| 700 | 0 |
_aDiggins, Ronald V. _932570 |
|
| 901 | _aBK | ||
| 942 | _cLIBRO | ||
| 949 |
_a636.5 B85Y _bZ _cLIBRO _d-26695 _eLIBRO _h320 _i14544 _si |
||
| 949 |
_a636.5 B8Y _bBC _cLIBRO _d138557 _eLIBRO _fc.3 _h45461 _i14544 _si _t265.00 |
||
| 949 |
_a636.5 B8Y _bBC _cLIBRO _d33724000101671 _eLIBRO _fc.2 _h47095 _i14544 _si _t265.00 |
||
| 999 |
_c11259 _d11259 |
||